00630 2200217 4500001002100000005001700021008004100038020001700079035002500096090002100121111004600142245005900188250001100247260003300258300002300291650003500314850001200349990001700361990001700378990001700395YOGYA-0209000000217920150420185301.0 ind  a979-96143-09 a0010-020900000002179 aRQ 342.02bInd H aINDONESIA. [Undang-undang, peraturan dsb] aHimpunan peraturan perundang-undang RIbReformasi 2000 aCet. 1 aJakartabCitra mandiric2000 a4 jilbilusc28 cm aIndonesia - Perundang-undangan aYOPDYOG a2282-PD/B.04 a2283-PD/B.04 a2284-PD/B.04